Quiz sur la Mauritanie - Statistiques

Statistiques générales
  • Ce quiz a été pris 7 182 fois
  • Le résultat moyen est 12 sur 16
Statistiques - réponses
Question Réponse % Correct
Pays frontaliers Maroc
98%
Désert qui recouvre la majeure partie du pays Sahara
97%
Pays frontaliers Mali
96%
Pays frontaliers Algérie
95%
Pays frontaliers Sénégal
95%
Religion pratiquée par 100% des habitants, selon les données officielles Islam
93%
Langue officielle Arabe
92%
Pays qui contrôlait la Mauritanie jusqu'en 1960 France
88%
La Mauritanie fut le dernier pays à abolir ceci, en 1981 Esclavage
78%
Capitale et plus grande ville Nouakchott
76%
Région géographique du nord de l'Afrique à laquelle la Mauritanie appartient M{aghreb}
74%
Groupe ethnique qui a donné son nom à la Mauritanie Maures
67%
Métal qui représente 45% des exportations du pays Fer
66%
État indépendantiste non-reconnu internationalement qui est situé au niveau de la frontière nord de la Mauritanie République Arabe {Sahraouie} Démocratique
33%
La Maurétanie était une province de cet empire, située un peu plus au nord Empire {Romain}
31%
Devise monétaire, depuis 2018 Ouguiya
14%
Aucun quiz correspondant
Distribution des résultats
% des personnes avec chaque résultat
Percentile par nombre de réponses
Votre historique - résultats
Vous n’avez pas pris ce quiz